|
|
|
|
| LEADER |
00949pam a22002418a 4500 |
| 001 |
00043934 |
| 005 |
20190403110404.0 |
| 008 |
171005s2017 ||||||Viesd |
| 020 |
# |
# |
|c 19000
|
| 041 |
0 |
# |
|a Vie
|
| 082 |
1 |
4 |
|a 372.7
|b T103L
|
| 100 |
1 |
# |
|a Trương, Đức Hinh
|
| 110 |
1 |
# |
|a Bộ giáo dục và Đào tạo. Trường Đại học sư phạm Hà Nội
|
| 245 |
0 |
0 |
|a Tài liệu tập huấn hướng dẫn đánh giá học sinh tiểu học môn Toán
|b Theo thông tư số 22/2016/TT - BGDĐT
|
| 260 |
# |
# |
|b Hà Nội
|a Hà Nội
|c 2016
|
| 300 |
# |
# |
|a 122 tr.
|c 27 cm.
|
| 653 |
# |
# |
|a Tiểu học
|
| 653 |
# |
# |
|a Toán học
|
| 653 |
# |
# |
|a Tài liệu tập huấn
|
| 653 |
# |
# |
|a Đánh giá học sinh
|
| 852 |
# |
# |
|j KM.0028545
|j KM.0028544
|j KM.0028543
|j KM.0028542
|j KD.0025943
|
| 910 |
0 |
# |
|d 3/4/2019
|
| 980 |
# |
# |
|a Trung tâm Học liệu Lê Vũ Hùng, Trường Đại học Đồng Tháp
|